| 000 | 00599nam a2200193Ia 4500 | ||
|---|---|---|---|
| 003 | GCL | ||
| 008 | 140319s9999 xx 000 0 ara d | ||
| 040 |
_aGCL / _cGCL |
||
| 082 | 0 | 4 |
_a370.19 _bك م |
| 100 | 1 | _aكوك, الين | |
| 245 | 1 | 0 |
_aالمشكلات المدرسية فى العلاقات الانسانية / _cكوك, الين |
| 700 | 1 | _aعفاف محمد فؤاد | |
| 300 | _a230 ص | ||
| 490 |
_aالالف كتاب _v0 |
||
| 650 | 0 | 4 | _aالمدرسة والمجتمع |
| 650 | 0 | 4 | _aعلم النفس التربوى |
| 650 | 0 | 4 | _aالتعليم - مشكلات |
| 942 |
_2ddc _cBK |
||
| 999 |
_c43558 _d43558 |
||